000 00303nam a22001337a 4500
008 180924b xxu||||| |||| 00| 0 eng d
020 _a0721656544
041 _aeng
080 _a610
100 _a5
101 _aANE
245 _aRegional Anesthesia And Analgesia
_cBrown.D.L
942 _2udc
_cBK
999 _c48361
_d48361